Perkhidmatan Awam Malaysia : Meningkatkan Kecekapan dan Keberkesanan Sistem Penyampaian Perkhidmatan (Record no. 27195)

000 -LEADER
fixed length control field 00945nam a22002297a 4500
001 - CONTROL NUMBER
control field 0000003899
003 - CONTROL NUMBER IDENTIFIER
control field PPM
005 - DATE AND TIME OF LATEST TRANSACTION
control field 20260415162220.0
008 - FIXED-LENGTH DATA ELEMENTS--GENERAL INFORMATION
fixed length control field 260415b ||||| |||| 00| 0 eng d
020 ## - INTERNATIONAL STANDARD BOOK NUMBER
International Standard Book Number 9839827200
Qualifying information Paperback
035 ## - SYSTEM CONTROL NUMBER
System control number 0000003899
040 ## - CATALOGING SOURCE
Language of cataloging Malay
Transcribing agency Pusat Penyelidikan Mineral, Jabatan Mineral dan Geosains Malaysia
Modifying agency PPM
082 00 - DEWEY DECIMAL CLASSIFICATION NUMBER
Edition number 22
Classification number 351.595
Item number PER 2006
245 10 - TITLE STATEMENT
Title Perkhidmatan Awam Malaysia : Meningkatkan Kecekapan dan Keberkesanan Sistem Penyampaian Perkhidmatan
260 #1 - PUBLICATION, DISTRIBUTION, ETC.
Place of publication, distribution, etc. Putrajaya :
Name of publisher, distributor, etc. Unit Pemodenan Tadbiran dan Perancangan Pengurusan Malaysia,
Date of publication, distribution, etc. 2006
300 00 - PHYSICAL DESCRIPTION
Extent ix, 132 pages .:
Other physical details table, illustrations .;
Dimensions 25 cm
500 ## - GENERAL NOTE
General note Mengandungi lampiran A - J sebagai rujukan tambahan
650 10 - SUBJECT ADDED ENTRY--TOPICAL TERM
Topical term or geographic name entry element Public administration
General subdivision Management
Geographic subdivision Malaysia
650 20 - SUBJECT ADDED ENTRY--TOPICAL TERM
Topical term or geographic name entry element Civil service
General subdivision Management
Geographic subdivision Malaysia
710 1# - ADDED ENTRY--CORPORATE NAME
Corporate name or jurisdiction name as entry element Malaysia
Subordinate unit Unit Pemodenan Tadbiran dan Perancangan Pengurusan Malaysia
942 ## - ADDED ENTRY ELEMENTS (KOHA)
Source of classification or shelving scheme
Koha item type Books
Holdings
Withdrawn status Lost status Source of classification or shelving scheme Damaged status Not for loan Collection code Permanent Location Current Location Shelving location Date acquired Total Checkouts Full call number Date last seen Price effective from Koha item type
Available         Open Shelf PPM PPM Open Shelf 15/04/2026   350.595 PER 2006 15/04/2026 15/04/2026 Books